The Comparative analysis of human societies : toward common standards for data collection and reporting /

Saved in:
Bibliographic Details
Other Authors: Moran, Emilio F.
Format: Book
Language:English
Published: Boulder, Colo. : L. Rienner Publishers, 1995.
Subjects:
Tags: Add Tag
No Tags, Be the first to tag this record!
LEADER 01646nam a22002778a 4500
001 005191875-7
005 20090712201340.0
008 940616s1995 coua b 001 0 eng
010 |a  94003601  
020 |a 1555875149 (alk. paper) 
035 0 |a ocm30739424 
040 |a DLC  |c DLC 
050 0 0 |a GN345  |b .M66 1994 
082 0 0 |a 300/.723  |2 20 
245 0 4 |a The Comparative analysis of human societies :  |b toward common standards for data collection and reporting /  |c edited by Emilio F. Moran. 
260 |a Boulder, Colo. :  |b L. Rienner Publishers,  |c 1995. 
300 |a xiv, 202 p. :  |b ill. ;  |c 24 cm. 
504 |a Includes bibliographical references and index. 
505 0 0 |t Minimum climate data for comparative analysis in agriculture /  |r Gene C. Wilken --  |t Soil indices for comparative analysis of agrarian systems /  |r John J. Nicholaides III, Emilio F. Moran --  |t The social organization of agrarian labor /  |r Robert McC. Netting, Glenn D. Stone, M. Priscilla Stone --  |t Minimum data sets in the study of exchange and distribution /  |r Lillian Trager --  |t Minimum data sets for the description of diet and measurement of food intake and nutritional status /  |r Darna L. Dufour, Nicolette I. Teufel --  |t Micro-ethnodemographic techniques for field workers studying small groups /  |r Warren M. Hern --  |t Health status indicators for rural societies in transition /  |r Millicent Fleming-Moran --  |t Agrarian data sets /  |r Robert C. Hunt. 
650 0 |a Social sciences  |x Fieldwork. 
650 0 |a Ethnology  |x Fieldwork. 
650 0 |a Ethnology  |x Methodology. 
650 0 |a Social sciences  |x Methodology. 
700 1 |a Moran, Emilio F. 
988 |a 20020608 
906 |0 DLC